Most Games with Ibrahimovic - Statistics

General Stats
  • This quiz has been taken 101 times
  • The average score is 5 of 10
Answer Stats
Hint Answer % Correct
CB, PSG Silva
95%
CM, PSG Verratti
75%
LB, Retired Maxwell
71%
LW, Tottenham Hotspur Moura
63%
GK, Torino Sirigu
61%
CM, Juventus Matuidi
59%
CDM, Retired Motta
37%
ST, Hebei China Fortune Lavezzi
32%
RB, Retired Zanetti
15%
CB, Retired Chivu
2%
No matching quizzes found
Score Distribution
Percent of People with Each Score
Percentile by Number Answered
Your Score History
You have not taken this quiz